=LDR 00000nam 2200000 4500 =001 INLIS000000000810091 =005 20251016023835 =035 ##$$a 0010-1025000074 =008 251016###########################0#ind## =245 ##$$a Kitab tauhid 3 /$c Syaikh Muhammad bin Abdul Wahhab =260 ##$:$b Darul Haq =082 ##$$a 297.211 =084 ##$$a 297.211 WAH t